000 00302nam a2200121Ia 4500
008 241002s9999 xx 000 0 und d
082 _a370 SPE
100 _aSpencet, Herbert
245 0 _aEducation Intellectual Moral & Physical
260 _aLondon:
_c1949
600 _aSocial Sciences
942 _cUC
999 _c18537
_d18537